[Event "DEM U10 2017"]
[Site "Willingen GER"]
[Date "2017.06.07"]
[Round "7"]
[White "Hagner, Bennet"]
[Black "Breitkopf-Lazar, Patrick-Robert"]
[Result "1-0"]
[Termination "normal"]
[Board "7"]
[WhiteElo "1683"]
[BlackElo "1297"]
[WhiteClock "00:07:47"]
[BlackClock "00:14:08"]
[PlyCount "189"]
[WhiteFideId "16224477"]
[BlackFideId "16213742"]
[EventCountry "GER"]
[EventRounds "11"]
[EventType "swiss"]
[EventDate "2017.06.03"]

1. e4 {[%clk 1:15:57]} 1... e5 {[%clk 1:15:53]} 2. Nf3 {[%clk 1:16:18]} 2...
Nc6 {[%clk 1:16:15]} 3. Bb5 {[%clk 1:16:42]} 3... a6 {[%clk 1:16:39]} 4. Bxc6 {
[%clk 1:16:55]} 4... dxc6 {[%clk 1:17:03]} 5. d4 {[%clk 1:17:06]} 5... exd4 {
[%clk 1:17:27]} 6. Qxd4 {[%clk 1:17:13]} 6... Qxd4 {[%clk 1:17:50]} 7. Nxd4 {
[%clk 1:17:37]} 7... Bd7 {[%clk 1:18:10]} 8. Be3 {[%clk 1:17:09]} 8... O-O-O {
[%clk 1:17:53]} 9. Nd2 {[%clk 1:16:19]} 9... c5 {[%clk 1:17:37]} 10. N4b3 {
[%clk 1:16:19]} 10... b6 {[%clk 1:17:45]} 11. O-O-O {[%clk 1:16:10]} 11... Nf6
{[%clk 1:16:25]} 12. Bg5 {[%clk 1:15:23]} 12... h6 {[%clk 1:14:46]} 13. Bh4 {
[%clk 1:14:57]} 13... g5 {[%clk 1:13:52]} 14. Bg3 {[%clk 1:15:16]} 14... Nh5 {
[%clk 1:13:55]} 15. Be5 {[%clk 1:15:22]} 15... Bg7 {[%clk 1:11:20]} 16. Bxg7 {
[%clk 1:15:10]} 16... Nxg7 {[%clk 1:11:44]} 17. Nf3 {[%clk 1:11:47]} 17... Bg4
{[%clk 1:05:12]} 18. Rxd8+ {[%clk 1:11:39]} 18... Rxd8 {[%clk 1:05:34]} 19.
Nbd2 {[%clk 1:08:45]} 19... Re8 {[%clk 1:00:17]} 20. Re1 {[%clk 0:55:33]} 20...
Nh5 {[%clk 0:51:01]} 21. g3 {[%clk 0:55:05]} 21... Nf6 {[%clk 0:49:05]} 22. Ng1
22... Bf5 {[%clk 0:41:56]} 23. f3 {[%clk 0:46:08]} 23... Bg6 {[%clk 0:37:04]}
24. Kd1 {[%clk 0:39:58]} 24... Nd7 {[%clk 0:28:25]} 25. f4 {[%clk 0:35:24]}
25... Nf6 {[%clk 0:25:44]} 26. f5 {[%clk 0:30:54]} 26... Bh7 {[%clk 0:21:58]}
27. Ngf3 {[%clk 0:25:31]} 27... Nd7 {[%clk 0:20:45]} 28. g4 {[%clk 0:23:24]}
28... f6 {[%clk 0:19:58]} 29. Rh1 {[%clk 0:11:22]} 29... Rh8 {[%clk 0:16:36]}
30. h4 {[%clk 0:11:16]} 30... Bg8 {[%clk 0:16:09]} 31. hxg5 {[%clk 0:11:18]}
31... fxg5 {[%clk 0:16:31]} 32. Nxg5 {[%clk 0:11:34]} 32... Nf6 {[%clk 0:16:12]
} 33. Rh4 {[%clk 0:09:44]} 33... Nxg4 {[%clk 0:15:21]} 34. Rxg4 {[%clk 0:10:03]
} 34... hxg5 {[%clk 0:15:46]} 35. Rxg5 {[%clk 0:10:21]} 35... Rh1+ { [%clk
0:15:09]} 36. Ke2 {[%clk 0:10:42]} 36... Bf7 {[%clk 0:15:17]} 37. b3 { [%clk
0:07:36]} 37... Rh2+ {[%clk 0:15:25]} 38. Ke3 {[%clk 0:07:38]} 38... Rh3+
{[%clk 0:15:38]} 39. Ke2 {[%clk 0:06:46]} 39... Rh2+ {[%clk 0:16:01]} 40. Ke1 {
[%clk 0:06:51]} 40... Bh5 {[%clk 0:16:01]} 41. f6 {[%clk 0:05:15]} 41... Rh1+ {
[%clk 0:15:33]} 42. Nf1 {[%clk 0:04:11]} 42... Be8 {[%clk 0:14:55]} 43. Rg7 {
[%clk 0:03:58]} 43... Rh4 {[%clk 0:14:57]} 44. f7 {[%clk 0:02:15]} 44... Rxe4+
{[%clk 0:15:11]} 45. Kd2 {[%clk 0:02:16]} 45... Bxf7 {[%clk 0:13:17]} 46. Rxf7
{[%clk 0:02:16]} 46... Kb7 {[%clk 0:13:18]} 47. c3 {[%clk 0:01:53]} 47... a5 {
[%clk 0:13:22]} 48. Ne3 {[%clk 0:02:07]} 48... Kc6 {[%clk 0:12:20]} 49. Rf6+ {
[%clk 0:02:07]} 49... Kb7 {[%clk 0:12:42]} 50. Nd5 {[%clk 0:02:08]} 50... Re5 {
[%clk 0:12:32]} 51. c4 {[%clk 0:01:48]} 51... c6 {[%clk 0:11:42]} 52. Rf7+ {
[%clk 0:02:10]} 52... Ka6 {[%clk 0:11:51]} 53. Nf6 {[%clk 0:01:00]} 53... Rf5 {
[%clk 0:11:52]} 54. Rf8 {[%clk 0:00:53]} 54... Rf2+ {[%clk 0:12:07]} 55. Kc3 {
[%clk 0:00:49]} 55... Rxa2 {[%clk 0:12:12]} 56. Ne8 {[%clk 0:00:55]} 56... Ka7
{[%clk 0:10:17]} 57. Nd6 {[%clk 0:00:36]} 57... Rg2 {[%clk 0:09:43]} 58. Rf7+ {
[%clk 0:00:48]} 58... Ka8 {[%clk 0:09:42]} 59. Rc7 {[%clk 0:00:43]} 59... Rg3+
{[%clk 0:09:54]} 60. Kb2 {[%clk 0:00:57]} 60... a4 {[%clk 0:08:48]} 61. bxa4 {
[%clk 0:00:59]} 61... Rg2+ {[%clk 0:09:10]} 62. Kc3 {[%clk 0:01:09]} 62... Rg3+
{[%clk 0:09:33]} 63. Kd2 {[%clk 0:01:31]} 63... Rg2+ {[%clk 0:09:52]} 64. Kd3 {
[%clk 0:01:49]} 64... Rg3+ {[%clk 0:10:08]} 65. Ke4 {[%clk 0:02:11]} 65... Ra3
{[%clk 0:10:20]} 66. Rxc6 {[%clk 0:02:20]} 66... Ka7 {[%clk 0:09:58]} 67. Rc7+
{[%clk 0:02:32]} 67... Ka6 {[%clk 0:08:54]} 68. Rc8 {[%clk 0:02:45]} 68... Ka5
{[%clk 0:09:06]} 69. Rb8 {[%clk 0:02:31]} 69... Rxa4 {[%clk 0:08:29]} 70. Ra8+
{[%clk 0:02:31]} 70... Kb4 {[%clk 0:08:51]} 71. Rxa4+ {[%clk 0:02:36]} 71...
Kxa4 {[%clk 0:09:14]} 72. Kd5 {[%clk 0:02:48]} 72... Ka5 {[%clk 0:09:19]} 73.
Kc6 {[%clk 0:02:56]} 73... Ka6 {[%clk 0:09:32]} 74. Ne4 {[%clk 0:02:40]} 74...
Ka5 {[%clk 0:09:26]} 75. Nd6 {[%clk 0:03:00]} 75... Ka6 {[%clk 0:09:50]} 76.
Nc8 {[%clk 0:03:11]} 76... b5 {[%clk 0:09:22]} 77. cxb5+ {[%clk 0:03:28]} 77...
Ka5 {[%clk 0:09:38]} 78. Nd6 {[%clk 0:03:42]} 78... c4 {[%clk 0:09:43]} 79.
Nxc4+ {[%clk 0:03:57]} 79... Ka4 {[%clk 0:09:38]} 80. b6 {[%clk 0:04:11]} 80...
Kb3 {[%clk 0:09:56]} 81. b7 {[%clk 0:04:32]} 81... Ka4 {[%clk 0:10:22]} 82. Na5
{[%clk 0:04:21]} 82... Kb4 {[%clk 0:10:30]} 83. b8=Q+ {[%clk 0:04:32]} 83...
Kc3 {[%clk 0:10:53]} 84. Qb3+ {[%clk 0:04:51]} 84... Kd4 {[%clk 0:11:03]} 85.
Qc4+ {[%clk 0:05:07]} 85... Ke5 {[%clk 0:11:19]} 86. Qg4 {[%clk 0:05:19]} 86...
Kf6 {[%clk 0:11:38]} 87. Qe4 {[%clk 0:05:38]} 87... Kg5 {[%clk 0:11:59]} 88.
Qf3 {[%clk 0:05:55]} 88... Kg6 {[%clk 0:12:19]} 89. Qf4 {[%clk 0:06:15]} 89...
Kg7 {[%clk 0:12:39]} 90. Qf5 {[%clk 0:06:32]} 90... Kh8 {[%clk 0:13:02]} 91.
Qd7 {[%clk 0:06:52]} 91... Kg8 {[%clk 0:13:24]} 92. Nc4 {[%clk 0:07:10]} 92...
Kf8 {[%clk 0:13:42]} 93. Qh7 {[%clk 0:07:25]} 93... Ke8 {[%clk 0:13:49]} 94.
Nd6+ {[%clk 0:07:47]} 94... Kd8 {[%clk 0:14:08]} 95. Qd7# 1-0

[Event "DEM U10 2017"]
[Site "Willingen GER"]
[Date "2017.06.07"]
[Round "7"]
[White "Weissenberger, Julius"]
[Black "Krüger, Aurelian"]
[Result "0-1"]
[Termination "normal"]
[Board "8"]
[WhiteElo "1381"]
[BlackElo "1657"]
[WhiteClock "00:11:40"]
[BlackClock "00:08:07"]
[PlyCount "128"]
[WhiteFideId "16244826"]
[BlackFideId "16230400"]
[EventCountry "GER"]
[EventRounds "11"]
[EventType "swiss"]
[EventDate "2017.06.03"]

1. d4 {[%clk 1:15:59]} 1... d5 {[%clk 1:14:59]} 2. Nf3 {[%clk 1:16:17]} 2... c5
{[%clk 1:15:14]} 3. c3 {[%clk 1:15:55]} 3... Nc6 {[%clk 1:14:41]} 4. Bf4 {
[%clk 1:14:13]} 4... Bf5 {[%clk 1:08:15]} 5. e3 {[%clk 1:14:01]} 5... Nf6 {
[%clk 1:07:10]} 6. Bb5 {[%clk 1:13:47]} 6... e6 {[%clk 1:03:37]} 7. Ne5 { [%clk
1:12:17]} 7... Qb6 {[%clk 1:02:14]} 8. Bxc6+ {[%clk 1:09:12]} 8... bxc6 { [%clk
1:02:36]} 9. Qa4 {[%clk 1:06:37]} 9... Rc8 {[%clk 1:01:47]} 10. O-O { [%clk
1:02:19]} 10... Be7 {[%clk 1:01:17]} 11. Qb3 {[%clk 0:59:38]} 11... Qa6 { [%clk
0:58:12]} 12. Nd2 {[%clk 0:56:27]} 12... O-O {[%clk 0:53:03]} 13. Nef3 { [%clk
0:55:19]} 13... Nh5 {[%clk 0:49:05]} 14. Bg5 {[%clk 0:50:08]} 14... Bxg5 {[%clk
0:49:29]} 15. Nxg5 {[%clk 0:49:27]} 15... Nf6 {[%clk 0:46:51]} 16. Qd1 { [%clk
0:45:07]} 16... Rb8 {[%clk 0:38:35]} 17. b3 {[%clk 0:44:01]} 17... Bd3 { [%clk
0:38:55]} 18. Re1 {[%clk 0:43:03]} 18... Rfc8 {[%clk 0:35:46]} 19. dxc5 { [%clk
0:37:41]} 19... Qb5 {[%clk 0:31:23]} 20. b4 {[%clk 0:35:49]} 20... a5 { [%clk
0:31:41]} 21. a3 {[%clk 0:35:23]} 21... Nd7 {[%clk 0:29:45]} 22. e4 { [%clk
0:34:11]} 22... h6 {[%clk 0:28:34]} 23. Ngf3 {[%clk 0:32:13]} 23... dxe4 {[%clk
0:28:11]} 24. Nxe4 {[%clk 0:32:07]} 24... Bxe4 {[%clk 0:28:15]} 25. Rxe4 {[%clk
0:32:16]} 25... Nf6 {[%clk 0:28:42]} 26. Re1 {[%clk 0:29:19]} 26... Nd5 {[%clk
0:19:43]} 27. Rc1 {[%clk 0:25:34]} 27... Qc4 {[%clk 0:17:03]} 28. Qe2 { [%clk
0:24:59]} 28... Qb3 {[%clk 0:17:08]} 29. Qc2 {[%clk 0:23:32]} 29... Qxa3 {[%clk
0:17:11]} 30. Ra1 {[%clk 0:17:41]} 30... Qxc3 {[%clk 0:17:31]} 31. Qxc3 {[%clk
0:17:59]} 31... Nxc3 {[%clk 0:17:54]} 32. bxa5 {[%clk 0:17:54]} 32... Rb5
{[%clk 0:17:29]} 33. Re5 {[%clk 0:16:13]} 33... Nd5 {[%clk 0:16:39]} 34. a6
{[%clk 0:15:36]} 34... Rxc5 {[%clk 0:14:13]} 35. Re2 {[%clk 0:12:22]} 35... Ra8
{[%clk 0:12:22]} 36. Nd4 {[%clk 0:10:59]} 36... Rxa6 {[%clk 0:11:26]} 37. Ree1
{[%clk 0:10:09]} 37... Rxa1 {[%clk 0:10:57]} 38. Rxa1 {[%clk 0:10:00]} 38...
Rc4 {[%clk 0:10:48]} 39. Nf3 {[%clk 0:10:11]} 39... c5 {[%clk 0:10:21]} 40. h3
{[%clk 0:10:27]} 40... g6 {[%clk 0:07:39]} 41. Ne5 {[%clk 0:10:33]} 41... Re4 {
[%clk 0:07:05]} 42. Nd7 {[%clk 0:09:00]} 42... c4 {[%clk 0:06:57]} 43. Rc1 {
[%clk 0:07:09]} 43... c3 {[%clk 0:05:04]} 44. g3 {[%clk 0:06:45]} 44... Rc4 {
[%clk 0:04:23]} 45. Ne5 {[%clk 0:06:48]} 45... Rc7 {[%clk 0:03:48]} 46. Kf1 {
[%clk 0:04:08]} 46... Kf8 {[%clk 0:01:20]} 47. Ke2 {[%clk 0:02:33]} 47... Ke7 {
[%clk 0:15:32]} 48. Kd3 {[%clk 0:17:32]} 48... Nb4+ {[%clk 0:13:19]} 49. Ke2 {
[%clk 0:15:56]} 49... Kd6 {[%clk 0:11:51]} 50. Nd3 {[%clk 0:15:49]} 50... Nxd3
{[%clk 0:11:57]} 51. Kxd3 {[%clk 0:16:08]} 51... Kd5 {[%clk 0:10:39]} 52. f3 {
[%clk 0:12:58]} 52... e5 {[%clk 0:08:33]} 53. Rxc3 {[%clk 0:12:58]} 53... Rxc3+
{[%clk 0:08:34]} 54. Kxc3 {[%clk 0:13:17]} 54... e4 {[%clk 0:07:53]} 55. fxe4+
{[%clk 0:10:41]} 55... Kxe4 {[%clk 0:08:18]} 56. g4 {[%clk 0:10:16]} 56... Kf4
{[%clk 0:08:43]} 57. Kd4 {[%clk 0:10:25]} 57... Kg3 {[%clk 0:08:46]} 58. Ke5 {
[%clk 0:10:26]} 58... Kxh3 {[%clk 0:09:07]} 59. Kf6 {[%clk 0:10:47]} 59... Kxg4
{[%clk 0:09:30]} 60. Kxf7 {[%clk 0:11:11]} 60... h5 {[%clk 0:09:53]} 61. Kg7 {
[%clk 0:11:40]} 61... h4 {[%clk 0:08:27]} 62. Kxg6 {[%clk 0:11:28]} 62... h3 {
[%clk 0:08:35]} 63. Kg7 {[%clk 0:11:40]} 63... h2 {[%clk 0:08:15]} 64. Kg8 {
[%clk 0:11:40]} 64... h1=Q {[%clk 0:08:07]} 0-1

[Event "DEM U10 2017"]
[Site "Willingen GER"]
[Date "2017.06.07"]
[Round "7"]
[White "Bakiev, Diyor"]
[Black "Amato, Cristiano"]
[Result "1-0"]
[Termination "normal"]
[Board "9"]
[WhiteElo "1111"]
[BlackElo "1505"]
[WhiteClock "00:52:43"]
[BlackClock "00:15:23"]
[PlyCount "59"]
[WhiteFideId "16241584"]
[BlackFideId "12998460"]
[EventCountry "GER"]
[EventRounds "11"]
[EventType "swiss"]
[EventDate "2017.06.03"]

1. d4 {[%clk 1:15:55]} 1... Nf6 {[%clk 1:15:53]} 2. c4 {[%clk 1:16:16]} 2...
Nc6 {[%clk 1:16:18]} 3. Nc3 {[%clk 1:16:18]} 3... e5 {[%clk 1:16:34]} 4. e3 {
[%clk 1:16:02]} 4... exd4 {[%clk 1:16:11]} 5. exd4 {[%clk 1:16:10]} 5... Bb4 {
[%clk 1:16:12]} 6. Nf3 {[%clk 1:15:50]} 6... d5 {[%clk 1:15:46]} 7. a3 { [%clk
1:15:14]} 7... Bxc3+ {[%clk 1:15:49]} 8. bxc3 {[%clk 1:15:36]} 8... Bg4 { [%clk
1:14:46]} 9. Bd3 {[%clk 1:13:20]} 9... Qe7+ {[%clk 1:12:58]} 10. Be3 { [%clk
1:11:58]} 10... O-O {[%clk 1:12:49]} 11. O-O {[%clk 1:12:08]} 11... dxc4 {[%clk
1:11:38]} 12. Bxc4 {[%clk 1:11:08]} 12... Qd6 {[%clk 1:09:25]} 13. h3 { [%clk
1:08:52]} 13... Bf5 {[%clk 1:08:11]} 14. Re1 {[%clk 1:07:52]} 14... Nd5 { [%clk
1:07:15]} 15. Qd2 {[%clk 1:06:08]} 15... Nxe3 {[%clk 1:06:19]} 16. Rxe3 { [%clk
1:05:50]} 16... Rfe8 {[%clk 1:00:10]} 17. Rxe8+ {[%clk 1:02:13]} 17... Rxe8
{[%clk 1:00:22]} 18. Ng5 {[%clk 1:00:46]} 18... Ne5 {[%clk 0:52:11]} 19. Re1
{[%clk 0:58:12]} 19... Kf8 {[%clk 0:46:36]} 20. Rxe5 {[%clk 0:55:53]} 20...
Rxe5 {[%clk 0:23:05]} 21. Nxf7 {[%clk 0:55:13]} 21... Qxa3 {[%clk 0:20:03]} 22.
dxe5 {[%clk 0:54:42]} 22... Qe7 {[%clk 0:19:31]} 23. Qf4 {[%clk 0:54:02]} 23...
Bg6 {[%clk 0:18:41]} 24. Nd6+ {[%clk 0:54:01]} 24... Bf7 {[%clk 0:18:27]} 25.
Nxf7 {[%clk 0:54:02]} 25... Ke8 {[%clk 0:18:39]} 26. e6 {[%clk 0:53:43]} 26...
a6 {[%clk 0:16:42]} 27. Bd5 {[%clk 0:52:31]} 27... Qa3 {[%clk 0:14:59]} 28.
Qxc7 {[%clk 0:52:21]} 28... Qc1+ {[%clk 0:15:04]} 29. Kh2 {[%clk 0:52:34]}
29... b5 {[%clk 0:15:23]} 30. Qd8# {[%clk 0:52:43]} 1-0

[Event "DEM U10 2017"]
[Site "Willingen GER"]
[Date "2017.06.07"]
[Round "7"]
[White "Reichmann, Felix"]
[Black "Phan Trong, Dai"]
[Result "1/2-1/2"]
[Termination "normal"]
[Board "10"]
[WhiteElo "1550"]
[BlackElo "1392"]
[WhiteClock "00:33:16"]
[BlackClock "00:49:02"]
[PlyCount "48"]
[WhiteFideId "16238290"]
[BlackFideId "16236939"]
[EventCountry "GER"]
[EventRounds "11"]
[EventType "swiss"]
[EventDate "2017.06.03"]

1. c4 {[%clk 1:15:59]} 1... c5 {[%clk 1:15:55]} 2. g3 {[%clk 1:16:13]} 2... g6
{[%clk 1:16:21]} 3. Bg2 {[%clk 1:16:37]} 3... Bg7 {[%clk 1:16:47]} 4. Nc3 {
[%clk 1:17:04]} 4... Nc6 {[%clk 1:17:14]} 5. e3 {[%clk 1:17:26]} 5... e5 {
[%clk 1:17:24]} 6. Nge2 {[%clk 1:17:51]} 6... Nge7 {[%clk 1:17:42]} 7. O-O {
[%clk 1:18:07]} 7... O-O {[%clk 1:18:04]} 8. a3 {[%clk 1:17:47]} 8... d6 {
[%clk 1:18:14]} 9. Rb1 {[%clk 1:18:03]} 9... Be6 {[%clk 1:18:19]} 10. d3 {
[%clk 1:17:38]} 10... Qd7 {[%clk 1:18:19]} 11. Re1 {[%clk 1:14:58]} 11... a5 {
[%clk 1:11:47]} 12. Nd5 {[%clk 1:14:59]} 12... Bxd5 {[%clk 1:11:30]} 13. cxd5 {
[%clk 1:15:16]} 13... Na7 {[%clk 1:10:27]} 14. Bd2 {[%clk 1:10:52]} 14... a4 {
[%clk 1:05:50]} 15. Bc3 {[%clk 1:03:46]} 15... Nb5 {[%clk 1:05:16]} 16. Qd2 {
[%clk 0:58:49]} 16... Nf5 {[%clk 1:00:38]} 17. e4 {[%clk 0:49:17]} 17... Nfd4 {
[%clk 0:58:52]} 18. Bxd4 {[%clk 0:49:27]} 18... cxd4 {[%clk 0:57:53]} 19. Rbc1
{[%clk 0:48:01]} 19... Nc7 {[%clk 0:54:42]} 20. f4 {[%clk 0:40:22]} 20... Na6 {
[%clk 0:54:44]} 21. Rf1 {[%clk 0:40:22]} 21... Nc5 22. Rc2 22... Qb5 { [%clk
0:52:44]} 23. Rc4 {[%clk 0:35:30]} 23... Rfc8 {[%clk 0:50:46]} 24. Qc2 { [%clk
0:33:16]} 24... Qb3 {[%clk 0:49:02]} 1/2-1/2

[Event "DEM U10 2017"]
[Site "Willingen GER"]
[Date "2017.06.07"]
[Round "7"]
[White "Petzke, Julian"]
[Black "Schwartz, Oliver"]
[Result "0-1"]
[Termination "normal"]
[Board "11"]
[WhiteElo "1279"]
[BlackElo "1517"]
[WhiteClock "00:48:23"]
[BlackClock "00:32:17"]
[PlyCount "54"]
[WhiteFideId "16244885"]
[BlackFideId "16207459"]
[EventCountry "GER"]
[EventRounds "11"]
[EventType "swiss"]
[EventDate "2017.06.03"]

1. e4 d5 2. exd5 Qxd5 3. Nc3 Qd6 4. d4 Nf6 5. Be3 c6 6. Nf3 Bg4 7. Be2 Nbd7 8.
Qd2 e6 9. Bf4 Qb4 10. Rb1 Be7 11. Qd3 O-O 12. O-O Rac8 13. a3 Qb6 14. Rfc1 Rfd8
15. Qd1 c5 16. dxc5 Nxc5 17. Qe1 Nce4 18. Rd1 Nxf2 19. Rxd8+ Rxd8 20. Qc1 Nd3+
21. Be3 Nxc1 22. Bxb6 Nxe2+ 23. Nxe2 axb6 24. Nc3 Nd5 25. Nxd5 Rxd5 26. Rf1
Bxf3 27. Rxf3 Rf5 0-1

[Event "DEM U10 2017"]
[Site "Willingen GER"]
[Date "2017.06.07"]
[Round "7"]
[White "Strehse, Nelson"]
[Black "Bungarten, Jona"]
[Result "0-1"]
[Termination "normal"]
[Board "12"]
[WhiteElo "1042"]
[BlackElo "1726"]
[WhiteClock "00:51:15"]
[BlackClock "01:02:48"]
[PlyCount "80"]
[WhiteFideId "16228898"]
[BlackFideId "16223608"]
[EventCountry "GER"]
[EventRounds "11"]
[EventType "swiss"]
[EventDate "2017.06.03"]

1. e4 e5 2. Nf3 Nc6 3. Bc4 Nf6 4. d3 Be7 5. Nc3 d6 6. h3 O-O 7. O-O Be6 8. Bb3
h6 9. Be3 d5 10. exd5 Nxd5 11. d4 Nxc3 12. bxc3 Bxb3 13. cxb3 Bf6 14. dxe5 Nxe5
15. Nd4 Qd7 16. Re1 Rad8 17. Qc2 c5 18. Nf5 Qd3 19. Rac1 b6 20. Bf4 Qxc2 21.
Rxc2 Nd3 22. Re4 Nxf4 23. Rxf4 Rd1+ 24. Kh2 Be5 25. g3 Bxf4 26. gxf4 Rfd8 27.
Ne7+ Kh7 28. Kg3 R8d2 29. Rxd2 Rxd2 30. a3 Rd3+ 31. Kg4 Rxc3 32. Nc6 Rxb3 33.
a4 a5 34. Na7 c4 35. Nb5 Rxb5 36. Kf3 Rb3+ 37. Kg4 c3 38. f5 c2 39. f4 c1=Q 40.
f6 Qg1+ 0-1

[Event "DEM U10 2017"]
[Site "Willingen GER"]
[Date "2017.06.07"]
[Round "7"]
[White "Kageler, Anton Paul"]
[Black "Zweigait, Leon"]
[Result "0-1"]
[Termination "normal"]
[Board "13"]
[WhiteElo "1341"]
[BlackElo "1442"]
[PlyCount "54"]
[WhiteFideId "16244850"]
[BlackFideId "16201388"]
[EventCountry "GER"]
[EventRounds "11"]
[EventType "swiss"]
[EventDate "2017.06.03"]

1. e4 e6 2. d4 d5 3. Nc3 Nf6 4. Bg5 Bb4 5. e5 h6 6. Bh4 g5 7. Bg3 Ne4 8. Qd3 c5
9. dxc5 Qa5 10. Nge2 Nd7 11. a3 Ndxc5 12. Qf3 d4 13. O-O-O dxc3 14. Nxc3 Bxc3
15. bxc3 Qxa3+ 16. Kb1 Nxc3+ 17. Qxc3 Qxc3 18. Bb5+ Ke7 19. Rhe1 Qb4+ 20. Kc1
Qxb5 21. f4 Qc4 22. Rf1 Qc3 23. Kb1 Ne4 24. Rf3 Nd2+ 25. Rxd2 Qxd2 26. Rf2 Qb4+
27. Kc1 Rd8 0-1

[Event "DEM U10 2017"]
[Site "Willingen GER"]
[Date "2017.06.07"]
[Round "7"]
[White "Stork, Christopher"]
[Black "Böhm, Karl"]
[Result "0-1"]
[Termination "normal"]
[Board "14"]
[WhiteElo "1630"]
[BlackElo "1516"]
[PlyCount "132"]
[WhiteFideId "16215400"]
[BlackFideId "16209800"]
[EventCountry "GER"]
[EventRounds "11"]
[EventType "swiss"]
[EventDate "2017.06.03"]

1. e4 e5 2. Nf3 Nc6 3. Bc4 Nf6 4. d3 Be7 5. O-O O-O 6. c3 d6 7. Bb3 Be6 8. Bxe6
fxe6 9. Re1 Qd7 10. Nbd2 Nh5 11. Nxe5 Nxe5 12. Qxh5 Nxd3 13. Rf1 d5 14. exd5
exd5 15. Nb3 c5 16. Qe2 Rae8 17. Qxd3 c4 18. Qc2 cxb3 19. Qxb3 Bc5 20. Qc2 Rxf2
21. Qxf2 Bxf2+ 22. Rxf2 Re1+ 23. Rf1 Qe7 24. Bf4 Rxa1 25. Rxa1 Qe2 26. Rb1 Qc2
27. Re1 Qxb2 28. Be5 Qd2 29. Kf1 Qxa2 30. Bd4 Kf7 31. Re2 Qc4 32. Ke1 a5 33.
Rf2+ Kg6 34. Rf3 a4 35. Rg3+ Kf5 36. Rxg7 Qb5 37. Rf7+ Ke6 38. Rf6+ Ke7 39. Rb6
Qa5 40. Rxb7+ Ke8 41. Rxh7 a3 42. Ra7 Qxa7 43. Bxa7 a2 44. Bd4 a1=Q+ 45. Kf2
Kf7 46. h3 Kg6 47. Ke2 Kh5 48. Kf2 Qb2+ 49. Kf3 Qc2 50. g4+ Kg6 51. h4 Qh2 52.
h5+ Kg5 53. Be3+ Kh4 54. Bf2+ Kh3 55. Bd4 Qg3+ 56. Ke2 Qxg4+ 57. Kd2 Qxh5 58.
Kc2 Qe2+ 59. Kb3 Qc4+ 60. Kc2 Kg2 61. Kd2 Kf3 62. Kd1 Qd3+ 63. Kc1 Qe2 64. Be5
Ke4 65. Bd4 Kd3 66. Kb1 Kc4 0-1

[Event "DEM U10 2017"]
[Site "Willingen GER"]
[Date "2017.06.07"]
[Round "7"]
[White "Klühs, Gustaf"]
[Black "Laucht, Philipp"]
[Result "1-0"]
[Termination "normal"]
[Board "15"]
[WhiteElo "1620"]
[BlackElo "1316"]
[PlyCount "143"]
[WhiteFideId "16228936"]
[BlackFideId "16244869"]
[EventCountry "GER"]
[EventRounds "11"]
[EventType "swiss"]
[EventDate "2017.06.03"]

1. Nf3 Nf6 2. g3 d5 3. Bg2 Bg4 4. O-O Nbd7 5. d3 e5 6. Nbd2 Be7 7. a3 O-O 8. c4
c6 9. Qc2 Rc8 10. h3 Bf5 11. Qa4 a6 12. b4 Qc7 13. Bb2 b5 14. cxb5 axb5 15. Qd1
Bd6 16. Rc1 Nb6 17. Nb3 Na4 18. Ba1 Rfe8 19. Na5 Qb6 20. g4 Bd7 21. Nd2 c5 22.
bxc5 Bxc5 23. Nab3 Bxa3 24. Rxc8 Bxc8 25. g5 Nh5 26. Qc2 Nf4 27. Nf3 Nxh3+ 28.
Bxh3 Bxh3 29. Rb1 e4 30. Nh2 Qg6 31. f4 Qb6+ 32. Bd4 Qe6 33. dxe4 Qxe4 34. Qxe4
Rxe4 35. e3 Bf5 36. Ra1 Bd6 37. Nc5 Bxc5 38. Bxc5 Re8 39. Bd4 Re6 40. Nf3 h6
41. Kf2 Be4 42. Rg1 Bxf3 43. Kxf3 Rg6 44. Rb1 Nb6 45. Rxb5 Nc4 46. gxh6 Rxh6
47. Rxd5 Rh3+ 48. Ke4 Nd2+ 49. Kd3 Nf3 50. Kc4 Nxd4 51. exd4 Rh4 52. f5 Kf8 53.
Kc5 Rh1 54. Kd6 Rh6+ 55. Kd7 Ra6 56. Rc5 f6 57. d5 Ra7+ 58. Rc7 Ra5 59. Ke6 Kg8
60. Rd7 Ra6+ 61. Ke7 Ra1 62. Rd8+ Kh7 63. d6 Ra7+ 64. d7 Ra1 65. Rh8+ Kxh8 66.
d8=Q+ Kh7 67. Qd4 Re1+ 68. Kf7 Rh1 69. Qg4 g5 70. fxg6+ Kh6 71. g7 Ra1 72. Qg6#
1-0

[Event "DEM U10 2017"]
[Site "Willingen GER"]
[Date "2017.06.07"]
[Round "7"]
[White "Zielke, Ansgar"]
[Black "Müller, Maximilian"]
[Result "1-0"]
[Termination "normal"]
[Board "16"]
[WhiteElo "1450"]
[BlackElo "1234"]
[PlyCount "101"]
[WhiteFideId "16244800"]
[BlackFideId "16243552"]
[EventCountry "GER"]
[EventRounds "11"]
[EventType "swiss"]
[EventDate "2017.06.03"]

1. d4 d5 2. c4 e6 3. Nc3 Bb4 4. Nf3 Nf6 5. Bg5 Bxc3+ 6. bxc3 Nbd7 7. e3 O-O 8.
Bd3 h6 9. Bh4 Re8 10. O-O c6 11. Ne5 a6 12. f4 Qa5 13. Qc2 Ne4 14. Bxe4 dxe4
15. Rfc1 f5 16. Qe2 Nxe5 17. fxe5 g6 18. Bf6 Bd7 19. Qf2 Kh7 20. Qh4 Rf8 21.
Bg5 h5 22. Bf4 Qd8 23. Qxd8 Raxd8 24. c5 Rb8 25. Rab1 Rg8 26. h4 a5 27. Rb6 Rg7
28. Rcb1 Bc8 29. Bg5 Rd7 30. Kf2 Kg8 31. Ke2 Kf7 32. Kd2 Ke8 33. Kc2 Rg7 34.
Rxc6 Bd7 35. Rcb6 Ba4+ 36. Kd2 Rc7 37. Rxe6+ Kf7 38. Rf6+ Kg7 39. Rd6 Rcc8 40.
Rbb6 Rc6 41. Rdxc6 Bxc6 42. c4 Bd7 43. d5 Be8 44. Kc3 Kf8 45. Kd4 Kg8 46. c6
Kf8 47. c7 Rc8 48. Rxb7 Kg8 49. Bd8 Bd7 50. Rb8 Rxb8 51. cxb8=Q 1-0

[Event "DEM U10 2017"]
[Site "Willingen GER"]
[Date "2017.06.07"]
[Round "7"]
[White "Fink, Moritz"]
[Black "Richter, Nicholas"]
[Result "1-0"]
[Termination "normal"]
[Board "17"]
[WhiteElo "1162"]
[BlackElo "1369"]
[PlyCount "143"]
[WhiteFideId "16235711"]
[BlackFideId "16244834"]
[EventCountry "GER"]
[EventRounds "11"]
[EventType "swiss"]
[EventDate "2017.06.03"]

1. e4 c5 2. Nc3 e6 3. f4 Nc6 4. Bb5 a6 5. Bxc6 bxc6 6. d3 d5 7. exd5 cxd5 8.
Nge2 d4 9. Ne4 Bb7 10. O-O Qd5 11. c4 Qc6 12. Rf2 Ne7 13. N2g3 g6 14. Nf6+ Kd8
15. Bd2 Bg7 16. Ba5+ Kc8 17. Nge4 Nf5 18. Qb3 Bxf6 19. Nxf6 Ne3 20. Qb6 Rb8 21.
b3 h6 22. Qxc6+ Bxc6 23. Bd2 Nf5 24. g3 Kd8 25. Ba5+ Ke7 26. Ne4 Bxe4 27. dxe4
Nd6 28. e5 Nc8 29. Rb2 Kd7 30. b4 cxb4 31. Rxb4 Rxb4 32. Bxb4 Na7 33. Bc5 Nc6
34. Rb1 Na5 35. Bxd4 Rc8 36. Rb6 Rxc4 37. Rxa6 Rc1+ 38. Kg2 Rc2+ 39. Kh3 Nc6
40. Bg1 Nb4 41. Ra7+ Rc7 42. a3 Rxa7 43. Bxa7 Na6 44. Kg4 Kc6 45. Kf3 Kd5 46.
h4 Kc4 47. g4 Kb3 48. h5 Kxa3 49. hxg6 fxg6 50. Be3 Nb4 51. f5 gxf5 52. gxf5
exf5 53. Bc5 Ka4 54. Bxb4 Kb5 55. e6 Kc6 56. e7 Kd7 57. Kf4 Ke8 58. Kxf5 Kf7
59. Kg4 Ke8 60. Kh5 Kd7 61. Kxh6 Ke8 62. Kg7 Kd7 63. Kf8 Kc6 64. e8=Q+ Kd5 65.
Kf7 Kc4 66. Qd8 Kb5 67. Qc8 Ka4 68. Bf8 Ka5 69. Qb8 Ka4 70. Ke6 Ka5 71. Qb7 Ka4
72. Qb4# 1-0